| 000 | 00373nam a2200169Ia 4500 | ||
|---|---|---|---|
| 001 | 10343 | ||
| 005 | 20260306161825.0 | ||
| 008 | 260306t9999||||xx |||||||||||||| ||spa|| | ||
| 041 | _aESP | ||
| 082 |
_a920.085 _bC24 |
||
| 100 |
_aCam, Luis Enrique _eAUT |
||
| 245 | 0 | _aDicho en el PerĂº | |
| 300 |
_a _c |
||
| 650 | _aGEN | ||
| 654 | _aCHU | ||
| 942 |
_cLIB _dJUS _fJUS _2ddc _n |
||
| 999 |
_c10343 _d10343 |
||